| 000 | 00521nam a2200193 a 4500 | ||
|---|---|---|---|
| 001 | 4901 | ||
| 003 | CDMR | ||
| 005 | 20131203121228.0 | ||
| 008 | 130130s1962||||||||||||||||||||||||||||d | ||
| 040 |
_aCDMR _bcat _cCDMR |
||
| 245 | 0 | _aInformación y nueva sociedad | |
| 260 |
_aMadrid _c1962 _bEdiciones del Movimiento |
||
| 300 |
_a108 p ; _c21 cm |
||
| 490 | 0 | _aNuevo Horizonte | |
| 650 | 0 | 4 |
_91460 _aSociologia de la comunicació |
| 650 | 0 | 4 |
_94172 _aSocietat de massa |
| 650 | 0 | 4 |
_93478 _aCultura de massa |
| 942 |
_cMON _2udc |
||
| 999 |
_c4901 _d4901 |
||